<?xml version="1.0" encoding="UTF-8"?><?xml-stylesheet type="text/xsl" href="static/style.xsl"?><OAI-PMH xmlns="http://www.openarchives.org/OAI/2.0/" xmlns:xsi="http://www.w3.org/2001/XMLSchema-instance" xsi:schemaLocation="http://www.openarchives.org/OAI/2.0/ http://www.openarchives.org/OAI/2.0/OAI-PMH.xsd"><responseDate>2026-04-19T10:45:32Z</responseDate><request verb="GetRecord" identifier="oai:riubu.ubu.es:10259/10303" metadataPrefix="marc">https://riubu.ubu.es/oai/request</request><GetRecord><record><header><identifier>oai:riubu.ubu.es:10259/10303</identifier><datestamp>2025-03-12T01:05:31Z</datestamp><setSpec>com_10259_5822</setSpec><setSpec>com_10259_5086</setSpec><setSpec>com_10259_2604</setSpec><setSpec>col_10259_5823</setSpec></header><metadata><record xmlns="http://www.loc.gov/MARC21/slim" xmlns:doc="http://www.lyncode.com/xoai" xmlns:xsi="http://www.w3.org/2001/XMLSchema-instance" xmlns:dcterms="http://purl.org/dc/terms/" xsi:schemaLocation="http://www.loc.gov/MARC21/slim http://www.loc.gov/standards/marcxml/schema/MARC21slim.xsd">
<leader>00925njm 22002777a 4500</leader>
<datafield tag="042" ind1=" " ind2=" ">
<subfield code="a">dc</subfield>
</datafield>
<datafield tag="720" ind1=" " ind2=" ">
<subfield code="a">Palenzuela, Jesús</subfield>
<subfield code="e">author</subfield>
</datafield>
<datafield tag="720" ind1=" " ind2=" ">
<subfield code="a">Viñuales, Ana</subfield>
<subfield code="e">author</subfield>
</datafield>
<datafield tag="720" ind1=" " ind2=" ">
<subfield code="a">Odriozola, Ibon</subfield>
<subfield code="e">author</subfield>
</datafield>
<datafield tag="720" ind1=" " ind2=" ">
<subfield code="a">Cabañero, Germán</subfield>
<subfield code="e">author</subfield>
</datafield>
<datafield tag="720" ind1=" " ind2=" ">
<subfield code="a">Grande, Hans J.</subfield>
<subfield code="e">author</subfield>
</datafield>
<datafield tag="720" ind1=" " ind2=" ">
<subfield code="a">Ruiz Fernández, Virginia</subfield>
<subfield code="e">author</subfield>
</datafield>
<datafield tag="260" ind1=" " ind2=" ">
<subfield code="c">2014-08</subfield>
</datafield>
<datafield tag="520" ind1=" " ind2=" ">
<subfield code="a">Reduced graphene oxide (RGO) films have been electrodeposited on indium tin oxide-coated polyethylene terephthalate (ITO-PET) substrates from graphene oxide (GO) solutions, and the resulting flexible transparent electrodes have been used in electrochromic devices of ethyl viologen (EtV2+). The electrochromic performance of devices with bare ITO-PET electrodes and ITO-PET coated with RGO has been compared. Under continuous cycling tests up to large voltages, the RGO film was oxidized and dispersed in the electrochromic mixture. The resulting devices, which contained GO and RGO in the electrochromic mixture, showed lower switching voltages between the colored and bleached states. This electrocatalytic activity of the solution-phase GO/RGO pair toward the electrochemical reaction of the electrochromic redox couple (the dication EtV2+ and the radical cation EtV+•) allowed devices with an optical contrast higher than the contrast of those free of GO at the same applied voltage.</subfield>
</datafield>
<datafield tag="024" ind2=" " ind1="8">
<subfield code="a">1944-8244</subfield>
</datafield>
<datafield tag="024" ind2=" " ind1="8">
<subfield code="a">http://hdl.handle.net/10259/10303</subfield>
</datafield>
<datafield tag="024" ind2=" " ind1="8">
<subfield code="a">10.1021/am503869b</subfield>
</datafield>
<datafield tag="024" ind2=" " ind1="8">
<subfield code="a">1944-8252</subfield>
</datafield>
<datafield ind1=" " ind2=" " tag="653">
<subfield code="a">Electrochromism</subfield>
</datafield>
<datafield ind1=" " ind2=" " tag="653">
<subfield code="a">Flexible electrodes</subfield>
</datafield>
<datafield ind1=" " ind2=" " tag="653">
<subfield code="a">Graphene oxide</subfield>
</datafield>
<datafield ind1=" " ind2=" " tag="653">
<subfield code="a">Viologen</subfield>
</datafield>
<datafield tag="245" ind1="0" ind2="0">
<subfield code="a">Flexible Viologen Electrochromic Devices with Low Operational Voltages Using Reduced Graphene Oxide Electrodes</subfield>
</datafield>
</record></metadata></record></GetRecord></OAI-PMH>